| 000 | 00902nas a2200301 4500 | ||
|---|---|---|---|
| 001 | BR9705643 | ||
| 003 | BR-BrBNA | ||
| 005 | 20231205100648.0 | ||
| 007 | ta | ||
| 008 | 230509b bl.|||p| |||| 00| 00por d | ||
| 040 |
_aBR-BrBNA _bpor _cBiblioteca Nacional de Agricultura |
||
| 041 | _a(Pt) | ||
| 072 | _aP34 | ||
| 100 | 1 | _aFaria, M.P. de | |
| 100 | 1 | _aVale, F.R. do | |
| 100 | 1 | _aSiqueira, J.O. | |
| 100 | 1 | _aCuri, N. | |
| 245 | 1 | _aCrescimento de leguminosas arboreas em resposta a fosforo, nitrogenio, fungo micorrizico e rizobio; 2: Peltophorum dubium (Spreng.)Taub. | |
| 650 | _aTamboril Bravo | ||
| 650 | _aMuda | ||
| 650 | _aFosforo | ||
| 650 | _aNitrogenio | ||
| 650 | _aFungo | ||
| 650 | _aRhizobium | ||
| 773 | 0 |
_tRevista Arvore (Brazil) _xISSN 0100-6762 _g(Oct-Dec 1995), v. 19(4) p. 433-446 _wBR9705643 |
|
| 909 |
_a202311 _bLúcia _c55 _dLúcia Elande |
||
| 942 |
_2AGRIS _n0 _cANA |
||
| 999 |
_c157308 _d157308 |
||